A day at the fire station / (Record no. 6899)

MARC details
000 -LEADER
fixed length control field 01004nam a22003017a 4500
001 - CONTROL NUMBER
control field 6899
003 - CONTROL NUMBER IDENTIFIER
control field FISKH
005 - DATE AND TIME OF LATEST TRANSACTION
control field 20251210100609.0
008 - FIXED-LENGTH DATA ELEMENTS--GENERAL INFORMATION
fixed length control field 250605b cb ||||| |||| 00| 0 eng d
020 ## - INTERNATIONAL STANDARD BOOK NUMBER
International Standard Book Number 9780545425056
040 ## - CATALOGING SOURCE
Original cataloging agency FISKH
Language of cataloging eng
Transcribing agency FISKH
Modifying agency FISKH
050 ## - LIBRARY OF CONGRESS CALL NUMBER
Classification number PZ7
082 ## - DEWEY DECIMAL CLASSIFICATION NUMBER
Classification number 628.9
100 ## - MAIN ENTRY--PERSONAL NAME
Personal name Faulkner, Megan
245 ## - TITLE STATEMENT
Title A day at the fire station /
Statement of responsibility, etc. By Megan Faulkner ; Photos by Michael Scott
250 ## - EDITION STATEMENT
Edition statement This edition first published in 2012
260 ## - PUBLICATION, DISTRIBUTION, ETC.
Place of publication, distribution, etc. New York :
Name of publisher, distributor, etc. Scholastic,
Date of publication, distribution, etc. 2012
300 ## - PHYSICAL DESCRIPTION
Extent 30 unnumbered pages :
Other physical details color illustrations ;
Dimensions 21 x 26 cm
505 ## - FORMATTED CONTENTS NOTE
Formatted contents note P<br/>
520 ## - SUMMARY, ETC.
Summary, etc. Visit the firehouse where all aspects of fire fighting and fire prevention are explained. The trucks, equipment, and fire fighters are realistically depicted.<br/>
521 8# - TARGET AUDIENCE NOTE
Target audience note 610<br/>
Source Lexile<br/>
521 8# - TARGET AUDIENCE NOTE
Target audience note P<br/>
Source Raz-Plus<br/>
650 ## - SUBJECT ADDED ENTRY--TOPICAL TERM
Source of heading or term Community
Topical term or geographic name entry element Fire
650 ## - SUBJECT ADDED ENTRY--TOPICAL TERM
Source of heading or term Fire safety
Topical term or geographic name entry element Firefighters
700 ## - ADDED ENTRY--PERSONAL NAME
Personal name Scott, Michael
Dates associated with a name illustrator
942 ## - ADDED ENTRY ELEMENTS (KOHA)
Source of classification or shelving scheme Dewey Decimal Classification
Koha item type Books
Suppress in OPAC No
Holdings
Withdrawn status Lost status Source of classification or shelving scheme Damaged status Not for loan Collection Home library Current library Shelving location Date acquired Total Checkouts Full call number Barcode Date last seen Copy number Price effective from Koha item type
    Dewey Decimal Classification     Juvenile Fiction Footprints International School Library Network Toul Tom Poung Campus Footprints International School Library Network Toul Tom Poung Campus TTP Primary Yellow Bookshelves 06/05/2025   FAU 628.9 PZ7 2025-1532 06/05/2025 1 06/05/2025 Books
    Dewey Decimal Classification     Juvenile Fiction Footprints International School Library Network Toul Tom Poung Campus Footprints International School Library Network Toul Tom Poung Campus TTP Primary Yellow Bookshelves 10/24/2025   FAU 628.9 PZ7 FIS01656 10/24/2025 2 10/24/2025 Books
    Dewey Decimal Classification     Juvenile Fiction Footprints International School Library Network Toul Tom Poung Campus Footprints International School Library Network Toul Tom Poung Campus TTP Primary Yellow Bookshelves 12/10/2025   FAU 628.9 PZ7 FISTK02123 12/10/2025 3 12/10/2025 Books